000 03833nam a2200349 a 4500
003 OSt
005 20240822144256.0
007 cr a|||||a|c|a
008 240819s2024 mx a|||fom||| 001 0 spa d
040 _erda
100 1 _aGaspar Andrés, María Inés
_9189453
245 1 0 _aHongos micorrícicos y diversidad de herbacéas en dos condiciones de manejo en La Sierra de Huautla, Morelos /
_cpor María Inés Gaspar Andrés y Dulce Deli Izoteco Morales; director de tesis Langen Corlay Chee; secretario Alejandro Hernández Tapia; vocal Yolanda Franco Islas; suplente Andrés Gelacio Miranda Moreno; suplente Javier Santillán Pérez.
264 1 _aChapingo, México :
_bEl autor,
_c[2024]
300 _a1 recurso en línea (47 páginas):
_btablas, figuras.
336 _2rdacontent
_atexto
_btxt
337 _2rdamedia
_acomputadora
_bc
338 _2rdacarrier
_arecurso en línea
_bcr
502 _bIRF
_cDICIFO
_d[2024]
_gLIC
504 _aIncluye referencias bibliográficas: páginas 36-40.
520 _aLa asociación entre hongos formadores de micorrizas y la vegetación es crucial desde hace millones de años. A pesar de su importancia, la información acerca de cómo influyen en la diversidad vegetal es escasa. Por lo tanto, el estudio se enfoca en la investigación de la influencia de las micorrizas en la diversidad de herbáceas y la fertilidad del suelo en un sistema agroforestal y un área en sucesión ecológica secundaria ubicados en ejidos serranos de la Sierra de Huautla, Morelos. Se emplearon métodos de muestreo aleatorio estratificado y simple para recolectar muestras de herbáceas, suelo y raíces. Se analizó la fertilidad del suelo según la NOM-021-RECNAT-2000. Se determinó la diversidad vegetal con el índice de Shannon-Wiener y se evaluó la colonización micorrícica. Se realizaron análisis de varianza y correlación de Pearson para comparar los ecosistemas y explorar relaciones entre variables. Además, se aplicó un análisis de componentes principales para evaluar la correlación de la colonización micorrícica con las variables del suelo. Como resultados se obtuvo que, entre el área en sucesión ecológica secundaria y el sistema agroforestal, se encontraron diferencias estadísticamente significativas en la diversidad de herbáceas, siendo mayor en el área en sucesión ecológica. Sin embargo, la colonización micorrícica no mostró diferencias significativas entre ambos sistemas. Se observó una correlación débil y nula entre la colonización micorrícica y la diversidad de plantas en ambos sistemas, así como una baja correlación entre las propiedades del suelo y la colonización micorrícica, siendo más negativa en el área en sucesión ecológica. En conclusión, debido al corto tiempo de recuperación que tienen ambos sistemas no se mostraron estadísticas significativas fuertes. No obstante, este estudio sirve como línea base para investigaciones futuras sobre la recuperación de los suelos en relación con la colonización micorrícica y la diversidad de herbáceas Palabras clave: micorrizas, diversidad, suelo, agroforestal, sucesión ecológica.
650 4 _aMicorrizas
_xPropagación
_9131610
650 4 _aFertilidad del suelo
_9144203
650 4 _aEcología forestal
_935176
700 1 _aIzoteco Morales, Dulce Deli
_9189454
700 1 _aCorlay Chee, Langen
_928007
_eDirector de tesis.
700 1 _aHernández Tapia, Alejandro
_954656
_eSecretario.
700 1 _aFranco Islas, Yolanda
_942965
_eVocal.
700 1 _aMiranda Moreno, Andrés Gelacio
_976095
_eSuplente.
700 1 _aSantillán Pérez, Javier
_9102430
_eSuplente.
856 _uhttp://10.13.5.2/tesis/tl/1410884-2_Y_1611179-4_GASPAR_ANDRES_MARIAINES_Y_IZOTECO_MORALES_DULCEDELI.pdf
_zDESCARGAR PDF
942 _2Clasificación Universidad Autónoma Chapingo
_cTD
999 _c220095
_d220095